Sankce jako nástroj mezinárodní politiky a postoj Evropské unie k jejich využívání
Štyri najpoužívanejšie druhy sankcií. Finančné a obchodné sankcie ako sankcie ekonomického charakteru, pretože majú najväčší dopad na hospodárstvo danej krajiny. Sankcie proti nedemokratickým režimom. Sankcie komplexné a cielené. Sankcia USA proti Kube. Sankcie proti Iraku ako prípad neúčinnosti kom...
Salvato in:
| Autore principale: | |
|---|---|
| Natura: | Capitolo di libro |
| Lingua: | ceco |
| Soggetti: | |
| Tags: |
Nessun Tag, puoi essere il primo ad aggiungerne!!
|
MARC
| LEADER | 00000naa$a2200000$$$4500 | ||
|---|---|---|---|
| 001 | 0055630 | ||
| 005 | 20231016092916.2 | ||
| 041 | 0 | |a cze | |
| 044 | |a CZ | ||
| 245 | 1 | 0 | |a Sankce jako nástroj mezinárodní politiky a postoj Evropské unie k jejich využívání |c Miroslav Suja |
| 520 | |a Štyri najpoužívanejšie druhy sankcií. Finančné a obchodné sankcie ako sankcie ekonomického charakteru, pretože majú najväčší dopad na hospodárstvo danej krajiny. Sankcie proti nedemokratickým režimom. Sankcie komplexné a cielené. Sankcia USA proti Kube. Sankcie proti Iraku ako prípad neúčinnosti komplexných sankcií. Prípady toho, keď sankcie medzinárodného spoločenstva represívny režim posilnili a škodili hlavne obetiam režimu. Úspešné cielené sankcie v Lýbii. Európska únia a podpora cielených sankcií proti predstaviteľom represívneho režimu. | ||
| 610 | 2 | 0 | |a politika medzinárodná |
| 610 | 2 | 0 | |a politika zahraničná |
| 610 | 2 | 0 | |a vzťahy medzinárodné |
| 610 | 2 | 0 | |a sankcie |
| 610 | 2 | 0 | |a organizácie medzinárodné |
| 610 | 2 | 0 | |a demokracia |
| 610 | 2 | 0 | |a terorizmus |
| 610 | 2 | 0 | |a konflikty |
| 100 | 1 | |a Suja, Miroslav | |